Every Island Country in 30 Seconds - Statistics

General Stats
  • This quiz has been taken 54 times
  • The average score is 16 of 48
Answer Stats
Answer % Correct
Haiti
64%
United Kingdom
60%
Dominican Republic
52%
Fiji
52%
Barbados
48%
Ireland
48%
Vanuatu
48%
Antigua and Barbuda
44%
Cuba
44%
Dominica
44%
Nauru
44%
Palau
44%
Samoa
44%
St Vincent and the Grenadines
44%
Tonga
44%
Grenada
40%
New Zealand
40%
St Kitts and Nevis
40%
St Lucia
40%
Trinidad and Tobago
40%
Tuvalu
40%
Bahamas
36%
Iceland
36%
Jamaica
36%
Japan
36%
Madagascar
36%
Malta
36%
Australia
32%
Maldives
28%
São Tomé and Principe
28%
Seychelles
28%
Cape Verde
24%
Comoros
24%
Cyprus
24%
FS Micronesia
24%
Mauritius
24%
Taiwan
24%
Indonesia
20%
Kiribati
20%
Singapore
16%
Sri Lanka
16%
Philippines
12%
Bahrain
8%
Marshall Islands
8%
Papua New Guinea
8%
Solomon Islands
8%
Brunei
4%
East Timor
0%
No matching quizzes found
Score Distribution
Percent of People with Each Score
Percentile by Number Answered
Your Score History
You have not taken this quiz